| Поле | Название | Значение |
| |
Тип записи |
a |
| |
Библиографический уровень |
m |
| 001 |
Контрольный номер |
RU\infra-m\znanium\bibl\2236930 |
| 005 |
Дата корректировки |
20260429142119.6 |
| 008 |
Кодируемые данные |
260120s2025 RU g rus u |
| 020 |
Индекс ISBN |
__ |
| a |
ISBN |
978-5-9614-8247-8 |
| 040 |
Источник каталогиз. |
__ |
| a |
Служба первич. каталог. |
Общество с ограниченной ответственностью «ЗНАНИУМ» |
| 041 |
Код языка издания |
__ |
| a |
Код языка текста |
rus |
| 044 |
Код страны публикации |
__ |
| a |
Код страны публикации |
RU |
| 080 |
Индекс УДК |
__ |
| a |
Индекс УДК |
612 |
| 084 |
Индекс другой классификации/Индекс ББК |
__ |
| 2 |
Источник индекса |
rubbk |
| a |
Индекс другой классификации/Индекс ББК |
883 |
| 084 |
Индекс другой классификации/Индекс ББК |
__ |
| 2 |
Источник индекса |
okso |
| a |
Индекс другой классификации/Индекс ББК |
37.03.01 |
| 100 |
Автор |
__ |
| a |
Автор |
Толстоевский И. |
| q |
Полное имя |
Толстоевский Иммануил |
| 245 |
Заглавие |
__ |
| a |
Заглавие |
Энциклопедия логических ошибок: Заблуждения, манипуляции, когнитивные искажения и другие враги здравого смысла |
| b |
Продолж. заглавия |
Научно-популярная литература |
| 250 |
Сведения об издании |
__ |
| a |
Основные сведения об издании |
1 |
| 260 |
Выходные данные |
__ |
| a |
Место издания |
Москва |
| b |
Издательство |
ООО "Альпина Паблишер" |
| c |
Дата издания |
2026 |
| 300 |
Физическое описание |
__ |
| a |
Объем |
608 с. |
| 520 |
Аннотация |
__ |
| a |
Аннотация |
Даже самые умные люди поддаются когнитивным искажениям и логическим уловкам не подозревая об этом. Например верят что если на рулетке девять раз подряд выпало красное то в десятый точно выпадет черное (это заблуждение известно как «ошибка игрока»). Однако вероятность выпадения красного или черного при каждом вращении рулетки всегда 50% потому что рулетка не запоминает предыдущие результаты. Иммануил Толстоевский поклонник немецкой философии и русской литературы в своей книге исследует природу человеческих заблуждений. Опираясь на историю философии психологию и примеры из повседневной жизни он показывает как легко любой из нас может стать жертвой предвзятости манипуляций и собственных иллюзий. Однако цель автора — не запугать читателя а снабдить его надежной интеллектуальной защитой. Прочитав эту книгу вы научитесь замечать типичные логические ошибки вести продуктивные споры принимать обоснованные решения и лучше понимать окружающий мир. Ведь путь к истине начинается с борьбы против заблуждений — как чужих так и своих собственных. |
| 521 |
Примеч. о цел. назн. |
__ |
| a |
Примеч. о целев. назн. |
Дополнительное образование |
| 650 |
Тематические рубрики |
__ |
| a |
Основная рубрика |
Психология |
| x |
Основная подрубрика |
Психологические школы и направления |
| 655 |
Указ. предметных рубрик (устаревшее) |
__ |
| a |
Жанр/ форма (устаревшее) |
Научно-популярная литература |
| 856 |
Электронный адрес документа |
4_ |
| a |
Имя сервера/домена |
znanium.ru |
| m |
Помощь |
ebs_support@infra-m.ru |
| n |
Местонахождение сервера |
НИЦ ИНФРА-М |
| u |
URL |
https://znanium.ru/catalog/document?id=474690 |
| 856 |
Электронный адрес документа |
48 |
| a |
Имя сервера/домена |
znanium.ru |
| d |
Путь |
/cover/2236 |
| f |
Электронное имя |
2236930.jpg |
| q |
Тип электронного формата |
image/jpeg |
| u |
URL |
https://znanium.ru/cover/2236/2236930.jpg |
| 911 |
|
__ |
| u |
|
0030=https://znanium.ru/catalog/document?id=474690 |